[Event "EYCC 2024 - G16"]
[Site "?"]
[Date "2024.08.26"]
[Round "5.9"]
[White "Hristova, Ivelina"]
[Black "Karacsonyi, Luca"]
[Result "0-1"]
[BlackElo "1914"]
[WhiteElo "1875"]
[LiveChessVersion "1.4.8"]

1. d4 {[%clk 1:30:53]} d5 {[%clk 1:30:55]} 2. Nf3 {[%clk 1:31:18]} Nf6
{[%clk 1:31:20]} 3. c4 {[%clk 1:31:43]} dxc4 {[%clk 1:31:43]} 4. e3
{[%clk 1:32:08]} a6 {[%clk 1:32:09]} 5. Bxc4 {[%clk 1:32:32]} e6 {[%clk 1:32:34]}
6. O-O {[%clk 1:32:58]} b5 {[%clk 1:29:40]} 7. Be2 {[%clk 1:33:16]} Nbd7
{[%clk 1:28:49]} 8. Ne5 {[%clk 1:30:30]} Nxe5 {[%clk 1:16:21]} 9. dxe5
{[%clk 1:30:51]} Qxd1 {[%clk 1:16:26]} 10. Rxd1 {[%clk 1:30:49]} Nd7
{[%clk 1:12:25]} 11. f4 {[%clk 1:29:04]} Bb7 {[%clk 1:10:05]} 12. Kf2
{[%clk 1:13:07]} O-O-O {[%clk 1:04:55]} 13. b3 {[%clk 1:00:50]} Bc5
{[%clk 0:54:08]} 14. Bb2 {[%clk 0:43:00]} Nb6 {[%clk 0:41:33]} 15. Rc1
{[%clk 0:40:36]} Be7 {[%clk 0:35:05]} 16. Bd4 {[%clk 0:38:52]} Nd5
{[%clk 0:31:40]} 17. g3 {[%clk 0:35:18]} Kb8 {[%clk 0:26:53]} 18. a4
{[%clk 0:29:10]} b4 {[%clk 0:19:35]} 19. Ra2 {[%clk 0:28:07]} g5 {[%clk 0:12:11]}
20. Rd2 {[%clk 0:17:50]} gxf4 {[%clk 0:09:25]} 21. exf4 {[%clk 0:17:54]} f5
{[%clk 0:06:12]} 22. Bh5 {[%clk 0:15:54]} Rhf8 {[%clk 0:04:57]} 23. a5
{[%clk 0:14:01]} Rd7 {[%clk 0:03:08]} 24. Ke1 {[%clk 0:11:40]} c6
{[%clk 0:02:19]} 25. Bc5 {[%clk 0:10:31]} Bxc5 {[%clk 0:02:26]} 26. Rxc5
{[%clk 0:10:59]} Rfd8 {[%clk 0:02:30]} 27. Bf3 {[%clk 0:05:07]} h6
{[%clk 0:01:38]} 28. Bxd5 {[%clk 0:04:01]} Rxd5 {[%clk 0:01:14]} 29. Rdxd5
{[%clk 0:01:51]} Rxd5 {[%clk 0:01:22]} 30. Rxd5 {[%clk 0:02:13]} exd5
{[%clk 0:01:31]} 31. Kd2 {[%clk 0:02:05]} c5 {[%clk 0:01:42]} 32. Kd3
{[%clk 0:02:18]} Bc8 {[%clk 0:01:47]} 33. Nd2 {[%clk 0:02:08]} Kc7
{[%clk 0:01:56]} 34. Nf3 {[%clk 0:01:35]} Be6 {[%clk 0:02:06]} 35. Nh4
{[%clk 0:01:12]} Kc6 {[%clk 0:02:05]} 36. Ng6 c4+ {[%clk 0:01:31]} 37. bxc4
{[%clk 0:00:44]} dxc4+ {[%clk 0:01:59]} 38. Kc2 {[%clk 0:00:36]} Kd5
{[%clk 0:01:58]} 39. Ne7+ {[%clk 0:00:33]} Kc5 {[%clk 0:02:02]} 40. Ng6
{[%clk 0:00:47]} Kd4 {[%clk 0:01:54]} 41. Nf8 {[%clk 0:01:08]} Bf7
{[%clk 0:02:01]} 42. e6 {[%clk 0:01:20]} Be8 {[%clk 0:02:14]} 43. e7
{[%clk 0:01:35]} b3+ {[%clk 0:02:16]} 44. Kc1 {[%clk 0:01:17]} Kc3
{[%clk 0:02:26]} 45. Ne6 {[%clk 0:01:31]} b2+ {[%clk 0:02:34]} 46. Kb1
{[%clk 0:01:57]} Ba4 {[%clk 0:02:47]} 47. Nd4 {[%clk 0:01:50]} Kxd4
{[%clk 0:03:09]} 48. Kxb2 {[%clk 0:02:17]} c3+ {[%clk 0:03:04]} 49. Kc1
{[%clk 0:02:40]} Kd5 {[%clk 0:03:10]} 50. h3 {[%clk 0:02:57]} h5 {[%clk 0:03:11]}
0-1

[Event "EYCC 2024 - G16"]
[Site "?"]
[Date "2024.08.26"]
[Round "5.10"]
[White "Kucuk, Aybike"]
[Black "Seemann, Pola"]
[Result "0-1"]
[BlackElo "1914"]
[WhiteElo "1872"]
[LiveChessVersion "1.4.8"]

1. e4 {[%clk 1:30:57]} c5 {[%clk 1:30:53]} 2. Nf3 {[%clk 1:31:23]} Nc6
{[%clk 1:31:18]} 3. Bb5 {[%clk 1:31:45]} e6 {[%clk 1:31:41]} 4. d4
{[%clk 1:32:03]} cxd4 {[%clk 1:30:23]} 5. Nxd4 {[%clk 1:32:05]} Qb6
{[%clk 1:28:48]} 6. Bxc6 {[%clk 1:30:45]} dxc6 {[%clk 1:27:04]} 7. O-O
{[%clk 1:28:51]} e5 {[%clk 1:24:21]} 8. Nb3 {[%clk 1:24:53]} Nf6 {[%clk 1:20:11]}
9. Be3 {[%clk 1:24:10]} Qc7 {[%clk 1:20:10]} 10. f3 {[%clk 1:23:12]} Be6
{[%clk 1:14:43]} 11. Qe2 {[%clk 1:20:24]} Nd7 {[%clk 1:12:57]} 12. Rd1
{[%clk 1:15:01]} a5 {[%clk 1:10:01]} 13. a4 {[%clk 1:06:56]} Bxb3
{[%clk 1:07:46]} 14. cxb3 {[%clk 1:06:09]} Bc5 {[%clk 1:07:19]} 15. Nd2
{[%clk 0:56:32]} O-O {[%clk 0:58:47]} 16. Rac1 {[%clk 0:54:41]} Bb4
{[%clk 0:52:21]} 17. Nf1 {[%clk 0:44:01]} Rfd8 {[%clk 0:47:54]} 18. Ng3
{[%clk 0:41:32]} Nf8 {[%clk 0:44:42]} 19. Qf2 {[%clk 0:38:19]} Rxd1+
{[%clk 0:42:45]} 20. Rxd1 {[%clk 0:38:45]} Rd8 {[%clk 0:42:57]} 21. Qc2
{[%clk 0:30:07]} Ne6 {[%clk 0:39:14]} 22. Ne2 {[%clk 0:28:31]} Rd6
{[%clk 0:35:34]} 23. Nc1 {[%clk 0:22:55]} Bc5 {[%clk 0:29:23]} 24. Bxc5
{[%clk 0:18:49]} Nxc5 {[%clk 0:29:08]} 25. Kf1 {[%clk 0:17:16]} Ne6
{[%clk 0:26:48]} 26. Rxd6 {[%clk 0:15:11]} Qxd6 {[%clk 0:27:10]} 27. Qd3
{[%clk 0:14:28]} Qe7 {[%clk 0:23:05]} 28. Qc3 {[%clk 0:12:45]} Qc7
{[%clk 0:22:03]} 29. Nd3 {[%clk 0:11:38]} f6 {[%clk 0:20:47]} 30. b4
{[%clk 0:10:45]} axb4 {[%clk 0:20:09]} 31. Qxb4 {[%clk 0:10:06]} b6
{[%clk 0:17:03]} 32. Qc4 {[%clk 0:09:54]} Qd6 {[%clk 0:16:31]} 33. b4
{[%clk 0:09:17]} Kf7 {[%clk 0:15:27]} 34. a5 {[%clk 0:08:35]} bxa5
{[%clk 0:15:14]} 35. bxa5 {[%clk 0:08:57]} c5 {[%clk 0:12:30]} 36. a6
{[%clk 0:06:54]} Qd4 {[%clk 0:12:30]} 37. Qxd4 {[%clk 0:05:18]} cxd4
{[%clk 0:12:45]} 38. Nc5 {[%clk 0:03:19]} Nc7 {[%clk 0:13:04]} 39. Ke2
{[%clk 0:02:54]} Ke7 {[%clk 0:13:25]} 40. Kd3 {[%clk 0:01:53]} Kd6
{[%clk 0:13:25]} 41. Kc4 {[%clk 0:01:49]} Kc6 {[%clk 0:12:57]} 42. a7
{[%clk 0:02:08]} Kb6 {[%clk 0:09:53]} 43. Ne6 {[%clk 0:02:32]} Na8
{[%clk 0:10:15]} 44. Nxg7 {[%clk 0:02:14]} Kxa7 {[%clk 0:10:39]} 45. Nf5
{[%clk 0:00:50]} Kb6 {[%clk 0:09:19]} 46. Kd5 {[%clk 0:00:37]} Kb5
{[%clk 0:09:13]} 47. f4 {[%clk 0:00:47]} Nb6+ {[%clk 0:09:36]} 48. Ke6
{[%clk 0:00:55]} Nc4 {[%clk 0:09:41]} 49. fxe5 {[%clk 0:01:11]} fxe5
{[%clk 0:09:59]} 50. Ng3 {[%clk 0:00:46]} Ne3 {[%clk 0:09:10]} 51. Nh1
{[%clk 0:00:44]} d3 {[%clk 0:07:22]} 52. Nf2 {[%clk 0:01:00]} d2 {[%clk 0:07:36]}
53. h3 {[%clk 0:01:18]} Nc4 {[%clk 0:06:52]} 54. Kd5 {[%clk 0:00:52]} Kb4
{[%clk 0:06:38]} 55. g4 {[%clk 0:01:11]} Kc3 {[%clk 0:06:40]} 56. g5
{[%clk 0:01:29]} Nb2 {[%clk 0:06:56]} 57. h4 {[%clk 0:01:20]} Kc2
{[%clk 0:06:39]} 58. h5 {[%clk 0:01:14]} Nd3 {[%clk 0:06:50]} 59. Ng4
{[%clk 0:01:37]} Kd1 {[%clk 0:06:14]} 60. g6 {[%clk 0:00:53]} hxg6
{[%clk 0:06:34]} 61. h6 {[%clk 0:01:14]} Ke2 {[%clk 0:06:22]} 62. h7
{[%clk 0:01:40]} d1=Q {[%clk 0:06:29]} 63. h8=Q {[%clk 0:02:01]} Nf2+
{[%clk 0:06:50]} 64. Ke6 {[%clk 0:02:13]} Nxg4 {[%clk 0:07:04]} 65. Qh3
{[%clk 0:02:06]} Kf2 {[%clk 0:06:49]} 66. Qh4+ {[%clk 0:02:26]} Kf3
{[%clk 0:07:00]} 67. Qg5 {[%clk 0:02:10]} Qb3+ {[%clk 0:07:10]} 68. Ke7
{[%clk 0:01:16]} Qb7+ {[%clk 0:07:31]} 69. Kf8 {[%clk 0:01:32]} Qxe4
{[%clk 0:07:49]} 70. Qd8 {[%clk 0:01:16]} Qf5+ {[%clk 0:07:56]} 71. Kg8
{[%clk 0:01:14]} Qe6+ {[%clk 0:08:20]} 72. Kh7 {[%clk 0:01:19]} Qf7+
{[%clk 0:08:43]} 73. Kh8 {[%clk 0:01:28]} Qf6+ {[%clk 0:09:09]} 0-1

[Event "EYCC 2024 - G16"]
[Site "?"]
[Date "2024.08.26"]
[Round "5.11"]
[White "Chendighilean, Anna"]
[Black "Vujatovic, Irina"]
[Result "1/2-1/2"]
[BlackElo "1913"]
[WhiteElo "1835"]
[LiveChessVersion "1.4.8"]

1. d4 {[%clk 1:30:58]} d5 {[%clk 1:30:56]} 2. c4 {[%clk 1:31:21]} Nc6
{[%clk 1:31:22]} 3. Bf4 {[%clk 1:27:58]} Nf6 {[%clk 1:30:25]} 4. e3
{[%clk 1:24:59]} dxc4 {[%clk 1:30:05]} 5. Nc3 {[%clk 1:20:10]} Nd5
{[%clk 1:23:09]} 6. Nge2 {[%clk 1:13:58]} Nxf4 {[%clk 1:23:05]} 7. Nxf4
{[%clk 1:13:56]} e5 {[%clk 1:22:07]} 8. dxe5 {[%clk 1:08:06]} Qxd1+
{[%clk 1:19:23]} 9. Rxd1 {[%clk 1:03:29]} Bd7 {[%clk 1:14:49]} 10. e6
{[%clk 0:59:35]} fxe6 {[%clk 1:13:11]} 11. Bxc4 {[%clk 0:59:08]} Nd8
{[%clk 1:11:47]} 12. O-O {[%clk 0:55:31]} e5 {[%clk 1:07:52]} 13. Nd3
{[%clk 0:49:28]} Nc6 {[%clk 1:05:29]} 14. Nd5 {[%clk 0:45:32]} O-O-O
{[%clk 0:57:46]} 15. a3 {[%clk 0:35:16]} Bd6 {[%clk 0:56:50]} 16. b4
{[%clk 0:31:56]} e4 {[%clk 0:49:39]} 17. N3f4 {[%clk 0:29:22]} g5
{[%clk 0:49:17]} 18. Ne2 {[%clk 0:29:11]} Ne5 {[%clk 0:49:11]} 19. Bb3
{[%clk 0:28:05]} Bg4 {[%clk 0:49:03]} 20. Ndc3 {[%clk 0:25:34]} Rde8
{[%clk 0:43:42]} 21. Rd2 {[%clk 0:22:40]} Bxe2 {[%clk 0:38:20]} 22. Rxe2
{[%clk 0:21:32]} Ng4 {[%clk 0:38:24]} 23. h3 {[%clk 0:20:24]} Nf6
{[%clk 0:38:05]} 24. Rc1 {[%clk 0:20:14]} Re5 {[%clk 0:31:27]} 25. Rd2
{[%clk 0:19:23]} Rhe8 {[%clk 0:24:06]} 26. Rd4 {[%clk 0:16:48]} Kb8
{[%clk 0:23:47]} 27. Nd5 {[%clk 0:15:01]} Nxd5 {[%clk 0:22:31]} 28. Bxd5
{[%clk 0:14:51]} b5 {[%clk 0:21:10]} 29. Bc6 {[%clk 0:13:24]} R8e7
{[%clk 0:20:11]} 30. a4 {[%clk 0:12:09]} bxa4 {[%clk 0:20:19]} 31. Ra1
{[%clk 0:11:45]} R5e6 {[%clk 0:19:27]} 32. b5 {[%clk 0:10:18]} Kc8
{[%clk 0:16:49]} 33. Raxa4 {[%clk 0:09:08]} Bc5 {[%clk 0:17:03]} 34. Rxe4
{[%clk 0:09:00]} Rxe4 {[%clk 0:17:20]} 35. Bxe4 {[%clk 0:06:17]} h6
{[%clk 0:17:05]} 36. Bc6 {[%clk 0:06:22]} Re6 {[%clk 0:16:20]} 37. Rc4
{[%clk 0:05:56]} Bb6 {[%clk 0:15:55]} 38. h4 {[%clk 0:05:06]} Kd8
{[%clk 0:15:24]} 39. Kh2 {[%clk 0:04:33]} Ke7 {[%clk 0:14:53]} 40. Kg3
{[%clk 0:04:16]} Rf6 {[%clk 0:13:54]} 41. hxg5 {[%clk 0:03:51]} hxg5
{[%clk 0:14:08]} 42. Rc1 {[%clk 0:03:43]} Rd6 {[%clk 0:13:14]} 43. Rc2
{[%clk 0:02:14]} Kf6 {[%clk 0:13:10]} 44. Kg4 {[%clk 0:02:11]} Rd1
{[%clk 0:12:11]} 45. g3 {[%clk 0:01:06]} Ra1 {[%clk 0:11:53]} 46. e4
{[%clk 0:00:56]} Rf1 {[%clk 0:09:02]} 47. f3 {[%clk 0:00:36]} Ke5
{[%clk 0:07:42]} 48. Rc3 {[%clk 0:00:35]} Rg1 {[%clk 0:06:50]} 49. Rc2
{[%clk 0:00:47]} Be3 {[%clk 0:06:33]} 50. Kh3 {[%clk 0:00:46]} Rh1+
{[%clk 0:05:04]} 51. Kg2 {[%clk 0:00:47]} Rg1+ {[%clk 0:05:11]} 52. Kh2
{[%clk 0:01:01]} Rf1 {[%clk 0:05:17]} 53. Kg2 {[%clk 0:00:52]} Rg1+
{[%clk 0:05:40]} 54. Kh2 {[%clk 0:01:08]} Rf1 {[%clk 0:06:05]} 55. Kg2
{[%clk 0:01:01]} Rg1+ {[%clk 0:06:29]} 56. Kh3 {[%clk 0:01:17]} Rh1+
{[%clk 0:06:36]} 57. Rh2 {[%clk 0:01:02]} Rf1 {[%clk 0:05:45]} 58. Kg4
{[%clk 0:00:51]} Rg1 {[%clk 0:05:41]} 59. Kh3 {[%clk 0:00:58]} Rf1
{[%clk 0:04:05]} 60. Kg4 {[%clk 0:01:24]} Rg1 {[%clk 0:04:28]} 61. Kh3
{[%clk 0:00:39]} Rf1 {[%clk 0:04:52]} 62. b6 1/2-1/2

[Event "EYCC 2024 - G16"]
[Site "?"]
[Date "2024.08.26"]
[Round "5.12"]
[White "Zgoda, Aleksandra"]
[Black "Tsapaki, Asimenia"]
[Result "0-1"]
[BlackElo "1885"]
[WhiteElo "1688"]
[LiveChessVersion "1.4.8"]

1. d4 {[%clk 1:30:55]} d5 {[%clk 1:30:54]} 2. Nf3 {[%clk 1:31:15]} Nf6
{[%clk 1:31:16]} 3. e3 {[%clk 1:31:35]} e6 {[%clk 1:31:25]} 4. b3
{[%clk 1:31:47]} c5 {[%clk 1:31:43]} 5. Bb2 {[%clk 1:31:31]} Nbd7
{[%clk 1:31:49]} 6. Bd3 {[%clk 1:30:59]} b6 {[%clk 1:30:57]} 7. O-O
{[%clk 1:29:47]} Bd6 {[%clk 1:29:01]} 8. Ne5 {[%clk 1:27:46]} O-O
{[%clk 1:28:00]} 9. Nd2 {[%clk 1:26:34]} Bb7 {[%clk 1:22:01]} 10. f4
{[%clk 1:22:27]} Ne4 {[%clk 1:18:55]} 11. Rf3 {[%clk 1:12:43]} f6
{[%clk 1:02:47]} 12. Nxd7 {[%clk 1:07:30]} Qxd7 {[%clk 1:03:03]} 13. Bxe4
{[%clk 0:58:14]} dxe4 {[%clk 1:02:46]} 14. Rh3 {[%clk 0:52:33]} cxd4
{[%clk 0:48:19]} 15. Bxd4 {[%clk 0:46:06]} Bxf4 {[%clk 0:45:15]} 16. Qg4
{[%clk 0:30:49]} Be5 {[%clk 0:41:46]} 17. Bxe5 {[%clk 0:22:01]} Qxd2
{[%clk 0:41:20]} 18. Qxe6+ {[%clk 0:16:27]} Rf7 {[%clk 0:38:24]} 19. Qd6
{[%clk 0:16:25]} Rd8 {[%clk 0:37:07]} 20. Qxd2 {[%clk 0:15:29]} Rxd2
{[%clk 0:37:31]} 21. Bd4 {[%clk 0:15:15]} Rxc2 {[%clk 0:37:23]} 22. Rh5
{[%clk 0:11:28]} Rfc7 {[%clk 0:36:41]} 23. Rf5 {[%clk 0:11:43]} Ba6
{[%clk 0:36:40]} 24. Rd5 {[%clk 0:10:40]} Re2 {[%clk 0:30:29]} 25. b4
{[%clk 0:09:15]} Rcc2 {[%clk 0:27:58]} 26. b5 {[%clk 0:09:28]} Bc8
{[%clk 0:27:52]} 27. a4 {[%clk 0:07:32]} Rxg2+ {[%clk 0:27:43]} 28. Kf1
{[%clk 0:07:40]} Bh3 {[%clk 0:27:10]} 29. Rd8+ {[%clk 0:07:13]} Kf7
{[%clk 0:27:34]} 30. Ra8 {[%clk 0:07:28]} Rxh2+ {[%clk 0:27:53]} 31. Kg1
{[%clk 0:07:49]} Rcg2+ {[%clk 0:28:19]} 32. Kf1 {[%clk 0:08:13]} Rh1#
{[%clk 0:28:42]} 0-1

[Event "EYCC 2024 - G16"]
[Site "?"]
[Date "2024.08.26"]
[Round "5.13"]
[White "Pereira-Davoine, Alana"]
[Black "Dominikova, Denisa"]
[Result "1-0"]
[BlackElo "1704"]
[WhiteElo "1892"]
[LiveChessVersion "1.4.8"]

1. d4 {[%clk 1:30:11]} Nf6 2. c4 {[%clk 1:30:01]} g6 {[%clk 1:30:39]} 3. Nc3
{[%clk 1:30:20]} Bg7 {[%clk 1:30:46]} 4. e4 {[%clk 1:30:44]} d6 {[%clk 1:31:03]}
5. Be2 {[%clk 1:30:40]} O-O {[%clk 1:30:54]} 6. h4 {[%clk 1:30:58]} c5
{[%clk 1:30:06]} 7. d5 {[%clk 1:30:56]} e6 {[%clk 1:30:01]} 8. h5
{[%clk 1:30:55]} exd5 {[%clk 1:29:30]} 9. h6 {[%clk 1:31:10]} Bh8
{[%clk 1:28:59]} 10. exd5 {[%clk 1:31:26]} Re8 {[%clk 1:28:18]} 11. Nf3
{[%clk 1:29:22]} Ne4 {[%clk 1:22:30]} 12. Nxe4 {[%clk 1:29:18]} Rxe4
{[%clk 1:22:16]} 13. Kf1 {[%clk 1:22:48]} Nd7 {[%clk 1:19:07]} 14. Bd3
{[%clk 1:19:21]} Re8 {[%clk 1:18:21]} 15. Bg5 {[%clk 1:11:44]} Qb6
{[%clk 1:16:46]} 16. Rb1 {[%clk 1:08:46]} Nf6 {[%clk 1:10:38]} 17. Rh4
{[%clk 1:03:52]} Bd7 {[%clk 1:04:12]} 18. Qd2 {[%clk 1:00:08]} a5
{[%clk 0:56:41]} 19. Qf4 {[%clk 0:58:43]} Nh5 {[%clk 0:55:19]} 20. Rxh5
{[%clk 0:58:55]} Be5 {[%clk 0:50:28]} 21. Nxe5 {[%clk 0:56:07]} dxe5
{[%clk 0:50:01]} 22. Qg3 {[%clk 0:55:16]} gxh5 {[%clk 0:49:48]} 23. Bd8+
{[%clk 0:55:35]} Qg6 {[%clk 0:44:34]} 24. Bxg6 {[%clk 0:55:58]} fxg6
{[%clk 0:42:33]} 25. Bb6 {[%clk 0:56:05]} 1-0

[Event "EYCC 2024 - G16"]
[Site "?"]
[Date "2024.08.26"]
[Round "5.14"]
[White "Rusu, Anastasia"]
[Black "Brezikova, Beata"]
[Result "1/2-1/2"]
[BlackElo "1873"]
[WhiteElo "1695"]
[LiveChessVersion "1.4.8"]

1. e4 {[%clk 1:30:57]} e5 {[%clk 1:30:58]} 2. Nf3 {[%clk 1:31:20]} Nc6
{[%clk 1:31:24]} 3. Bc4 {[%clk 1:31:45]} f5 {[%clk 1:31:37]} 4. d3
{[%clk 1:31:34]} Bc5 {[%clk 1:31:51]} 5. Ng5 {[%clk 1:29:10]} f4 {[%clk 1:31:13]}
6. Nf7 {[%clk 1:22:25]} Qh4 {[%clk 1:31:04]} 7. g3 {[%clk 1:14:45]} Qh3
{[%clk 1:30:15]} 8. c3 {[%clk 1:10:21]} d5 {[%clk 1:25:21]} 9. Bxd5
{[%clk 1:07:07]} Bg4 {[%clk 1:24:22]} 10. Qc2 {[%clk 0:52:54]} Qg2
{[%clk 1:15:34]} 11. Rf1 {[%clk 0:52:59]} Bh3 {[%clk 1:14:06]} 12. Nd2
{[%clk 0:52:11]} Qxh2 {[%clk 1:09:09]} 13. gxf4 {[%clk 0:45:22]} Nf6
{[%clk 0:53:10]} 14. Bxc6+ {[%clk 0:20:20]} bxc6 {[%clk 0:46:10]} 15. Nxe5
{[%clk 0:17:36]} Bxf1 {[%clk 0:28:27]} 16. Nxf1 {[%clk 0:17:40]} Qg1
{[%clk 0:27:09]} 17. d4 {[%clk 0:14:38]} Bb6 {[%clk 0:26:36]} 18. Qb3
{[%clk 0:13:57]} O-O-O {[%clk 0:22:19]} 19. Nf7 {[%clk 0:12:10]} h5
{[%clk 0:20:38]} 20. Qe6+ {[%clk 0:09:30]} Kb7 {[%clk 0:20:04]} 21. Nxd8+
{[%clk 0:09:50]} Rxd8 {[%clk 0:20:19]} 22. Be3 {[%clk 0:09:30]} Re8
{[%clk 0:19:39]} 23. Qh3 {[%clk 0:07:45]} Rxe4 {[%clk 0:17:49]} 24. O-O-O
{[%clk 0:07:33]} Qg6 {[%clk 0:14:23]} 25. Nd2 {[%clk 0:05:17]} Re8
{[%clk 0:13:19]} 26. Nf3 {[%clk 0:04:51]} Qf7 {[%clk 0:11:33]} 27. Kb1
{[%clk 0:04:48]} Qd5 {[%clk 0:10:04]} 28. Ne5 {[%clk 0:04:15]} c5
{[%clk 0:07:42]} 29. Qf3 {[%clk 0:01:58]} cxd4 {[%clk 0:06:25]} 30. Qxd5+
{[%clk 0:01:53]} Nxd5 {[%clk 0:06:40]} 31. cxd4 {[%clk 0:01:27]} Rf8
{[%clk 0:04:44]} 32. Nd3 {[%clk 0:00:57]} c6 {[%clk 0:03:39]} 33. Rh1
{[%clk 0:00:55]} Rf5 {[%clk 0:03:20]} 34. Rg1 {[%clk 0:01:09]} Rf7
{[%clk 0:02:06]} 35. Rg5 {[%clk 0:01:06]} Nf6 {[%clk 0:01:42]} 36. Nc5+
{[%clk 0:01:14]} Bxc5 {[%clk 0:01:17]} 37. dxc5 {[%clk 0:01:42]} Nd5
{[%clk 0:00:38]} 38. Rxh5 {[%clk 0:01:28]} Nxf4 {[%clk 0:00:57]} 39. Bxf4
{[%clk 0:01:38]} Rxf4 {[%clk 0:01:19]} 1/2-1/2